Vorlesungen über differential geometrie und geometrische grundlagen von Einstein relativitèatstheorie / (Record no. 34351)

MARC details
000 -LEADER
campo de control de longitud fija 01033nam a2200229 i 4500
001 - NÚMERO DE CONTROL
campo de control 34351
003 - IDENTIFICADOR DE NÚMERO DE CONTROL
campo de control ES-MaACL
005 - FECHA Y HORA DE LA ÚLTIMA TRANSACCIÓN
campo de control 20230906154922.0
007 - CAMPO FIJO DE DESCRIPCIÓN FÍSICA--INFORMACIÓN GENERAL
campo de control de longitud fija t|
008 - DATOS DE LONGITUD FIJA--INFORMACIÓN GENERAL
campo de control de longitud fija 030204s1930 gw ||||1| ger d
100 1# - ENTRADA PRINCIPAL--NOMBRE DE PERSONA
Nombre de persona Blashke, Wilhelm.
9 (RLIN) 29407
245 10 - MENCIÓN DEL TÍTULO
Título Vorlesungen über differential geometrie und geometrische grundlagen von Einstein relativitèatstheorie /
Mención de responsabilidad, etc. von Wilhelm Blaschke.
260 ## - PUBLICACIÓN, DISTRIBUCIÓN, ETC.
Lugar de publicación, distribución, etc. Berlin :
Nombre del editor, distribuidor, etc. Julius Springer,
Fecha de publicación, distribución, etc. 1930.
300 ## - DESCRIPCIÓN FÍSICA
Extensión 3 v. ;
Dimensiones 24 cm.
505 8# - NOTA DE CONTENIDO CON FORMATO
Nota de contenido con formato Contiene: Vol. I: Elementare differential geometrie / dearbeitet und herausgegeben von Gerhard Thomson. -- Vol. II: Affine differential geometrie / dearbeitet von kurt Reidemeister. -- Vol. III: Differential geometrie der Kreise und Kugeln / dearbeitet von Gerhard Thomson
700 1# - ENTRADA AGREGADA--NOMBRE PERSONAL
Nombre de persona Thomson, Gerhard.
9 (RLIN) 110113
700 1# - ENTRADA AGREGADA--NOMBRE PERSONAL
Nombre de persona Reidemeister, Kurt.
9 (RLIN) 95982
740 0# - ENTRADA AGREGADA--TÍTULO RELACIONADO/ANALÍTICO NO CONTROLADO
Título relacionado o analítico no controlado Elementare differential geometrie.
740 0# - ENTRADA AGREGADA--TÍTULO RELACIONADO/ANALÍTICO NO CONTROLADO
Título relacionado o analítico no controlado Affine differential geometrie.
740 0# - ENTRADA AGREGADA--TÍTULO RELACIONADO/ANALÍTICO NO CONTROLADO
Título relacionado o analítico no controlado Differential geometrie der Kreise und Kungeln.
852 ## - LOCALIZACIÓN
Ubicación ES-MaACL
Número de control de estantería A-4426-28
Holdings
Estatus retirado Estado de pérdida Estado de daño No para préstamo Biblioteca de origen Biblioteca actual Ubicación en estantería Fecha de adquisición Fuente de adquisición Total de préstamos Signatura topográfica completa Código de barras Visto por última vez Precio de reemplazo Tipo de ítem Koha
        Biblioteca del Ateneo de Madrid Biblioteca del Ateneo de Madrid Sala Pecera Planta 1 17/01/2008     A-4426-28 1035827 23/02/2023 23/02/2023 Libro impreso